000 00705nam a22002177a 4500
003 OSt
005 20260427075038.0
008 251022b |||||||| |||| 00| 0 eng d
020 _a978-9812-533-609
040 _aDWCL-Main lib
_cOC
082 _28th edition
_aCirc. 624.1 M137d 2009
100 _aMccormac, Jack
245 _aDesign of Reinforced Concrete/
_cJack Mccorcmac
250 _a8th edition
260 _aNew York: J
_bJohn Wiley & Sons Inc,
_cc2009.
300 _axii, 706 pages :
_b illustrations ;
_c25cm.
650 _a1. Reinforced concrete
650 _a2. Structural analysis (engineering)
650 _a3. Structural engineering
942 _2ddc
_cBK-CIRC
_e8th edition
_kCirc.
_n0
999 _c5005
_d5005